Kuchárska kniha z obrazovky recepty z televíznej relácie "Dobré ráno Slovensko"

Bibliographic Details
Main Author: Ciran, Tomáš (Author)
Corporate Author: Central Gastro Bratislava, Slovensko (Author)
Format: Book
Language:Slovak
PhysicalDescription:63 s. 21 cm
Published: Bratislava Print-servis 1998
ISBN:8088755891
Subjects:

MARC

LEADER 00000nam a2200000 a 4500
001 vtls001354435
003 SK-MaSNL
005 20260301010444.0
008 240313s1998 xo r slo
015 |a SNBA1999/05-01778 
020 |a 8088755891 
035 |a SNK000307876 
035 |a urn:nbn:sk:snk-amkiuv 
035 |a urn:nbn:sk:snk-am003ak9 
035 |a 81155446-E5B4-477C-B9F2-F6623509C1A1 
040 |a SNK  |b slo  |c SNK  |e AACR2 
041 0 |a slo 
044 |a xo  |c SK 
080 |a 641.5(083.12)  |2 1981 
100 1 |a Ciran, Tomáš  |4 aut  |9 292290 
245 1 0 |a Kuchárska kniha z obrazovky  |b recepty z televíznej relácie "Dobré ráno Slovensko"  |c Tomáš Ciran a Central Gastro 
260 |a Bratislava  |b Print-servis  |c 1998 
300 |a 63 s.  |c 21 cm 
500 |a Obalový názov 
650 0 7 |a jedlá  |x príprava  |x knihy kuchárske  |2 SNK  |9 290126 
650 0 7 |a knihy kuchárske  |2 SNK  |9 283472 
655 7 |a príručky  |2 SNK  |9 74364 
710 0 |a Central Gastro Bratislava, Slovensko  |4 aut  |9 292291 
919 |a 80-88755-89-1 
958 |a OND 
958 |a TL 
999 |c 548167  |d 550097 
952 |t P60, <03>, [BOOK], {603}  |a SNK  |b SNK  |y PREZ  |7 0  |p 17A0181953  |o snkSC 97802  |i snkKSP 1338/99  |0 0  |1 0  |4 0  |d 1999-02-10  |f 1  |l 0  |r 2025-09-17 00:00:00  |w 2026-02-23 
952 |t P60, <04>, [BOOK], {604}  |a SNK  |b SNK  |y VYP  |7 0  |p 17A0183054  |o snkSC 97802 D1  |i snkKSP 2058/99  |0 0  |1 0  |4 0  |d 1999-02-26  |l 0  |r 2005-01-02 00:00:00  |w 2026-02-23